Statistics for Top 15 Countries with Covid-19 Deaths - 30 September

Click here to take the quiz!

General Stats

  • This quiz has been taken 12 times
  • The average score is 16 of 20

Answer Stats

country% Correct
France
100%
Italy
100%
United Kingdom
100%
United States
100%
Brazil
91%
India
91%
Iran
91%
Russia
91%
Spain
91%
Argentina
82%
Mexico
73%
Sweden
73%
Bolivia
64%
Chile
64%
Colombia
64%
Ecuador
64%
Peru
64%
South Africa
64%
Belgium
55%
Panama
55%

Score Distribution

Percentile by Number Answered

Percent of People with Each Score

Your Score History

You have not taken this quiz